Etiqueta de registo: 00928nas 02200313 04500
001 2286946
003 http://id.bnportugal.gov.pt/bib/catbnp/2286946
021 ## $aPT$b558417/25
100 ## $a20260526a20259999km y0pory01030103ba
101 0# $apor$aeng
102 ## $aPT
106 ## $ar
110 ## $aakazz 0uu0
200 1# $aAnuário do Carnaval Terceirense$dYearbook of Terceira's Carnaval$fed. Instituto Histórico da Ilha Terceira, Centro Interdisciplinar de Ciências Sociais
da Universidade dos Açores$zeng
207 #0 $aNº 1 (2025)-
210 #9 $aAngra do Heroísmo$cInstituto Histórico da Ilha Terceira ;$aPonta Delgada$cCentro Interdisciplinar de Ciências Sociais da Universidade dos Açores$d2025-
215 ## $d23 cm
305 ## $aEd. bilingue em português e inglês
326 ## $aAnual
422 #1 $1001734239$tBoletim do Instituto Histórico da Ilha Terceira$cAngra do Heroísmo$bInstituto Histórico da Ilha Terceira,$d1943 -
510 1# $aYearbook of Terceira's Carnaval$zeng
620 ## $dAngra do Heroísmo
620 ## $dPonta Delgada
675 ## $a394.2(469.9)(055)(06)$vBN$zpor$32002203
675 ## $a316.72(469.9)(055)(06)$vBN$zpor$32002204
712 02 $aInstituto Histórico da Ilha Terceira$4650$312041
712 02 $aUniversidade dos Açores$bCentro Interdisciplinar de Ciências Sociais$4650$31999361
801 #0 $aPT$bBN$gRPC
856 41 $uhttp://rnod.bnportugal.gov.pt/ImagesBN/winlibimg.aspx?skey=&doc=2286946&img=222691&save=true
966 ## $lBN$mFGREV$sP.P. 34339 V.$x1
971 ## $ciquintas$d20260526
972 ## $e0$z0$d20260608$vlrevez